[Event "Titled Tuesday intern op 04th Jul Early"]
[Site "Chess.com INT"]
[Date "2023.07.04"]
[Round "5"]
[White "Trifan, Andrei Ioan"]
[Black "Jakobeit, David"]
[Result "1-0"]
[WhiteElo "2300"]
[BlackElo "2210"]
[PlyCount "103"]
[EventDate "2023.07.04"]
[EventType "swiss (blitz)"]
[EventRounds "11"]
[EventCountry "USA"]
[SourceTitle "EXT 2024"]
[Source "ChessBase"]
[SourceDate "2023.10.10"]
[SourceVersion "1"]
[SourceVersionDate "2023.10.10"]
[SourceQuality "1"]

1. Nf3 d5 2. b3 Nf6 3. Bb2 g6 4. e3 Bg7 5. Be2 0-0 6. 0-0 c5 7. d4 cxd4 8. Nxd4 Nc6 9. Nd2 Re8 10. N2f3 Ne4 11. c4 e5 12. Nxc6 bxc6 13. cxd5 cxd5 14. Bb5 Re6 15. Rc1 Rb8 16. Bc6 Bb7 17. Bxb7 Rxb7 18. Qc2 h6 19. Rfd1 Rd7 20. Qb1 Kh7 21. h3 f5 22. Qa1 Qe7 23. b4 Ng5 24. Nxg5+ Qxg5 25. Rc5 d4 26. exd4 exd4 27. Rd3 Re4 28. Rc1 h5 29. Rcd1 Qf4 30. R1d2 Rde7 31. Rd1 Re2 32. Rf3 Qe4 33. Kh2 Be5+ 34. Kg1 Bf4 35. Kf1 Qc2 36. Rxf4 Qxb2 37. Qxb2 Rxb2 38. g4 hxg4 39. hxg4 Rxa2 40. gxf5 gxf5 41. Rdxd4 Kg6 42. Rd5 Ra1+ 43. Kg2 Rf7 44. b5 Kg5 45. Rf3 Rf6 46. Rg3+ Kf4 47. Rdd3 Ke5 48. Rge3+ Kf4 49. Rd4+ Kg5 50. Rg3+ Kh5 51. Rd8 Rh6 52. Rf8 1-0

[Event "Niedersachsen-ch"]
[Site "Verden an der Aller"]
[Date "2020.01.04"]
[Round "5"]
[White "Schulze, Torben"]
[Black "Jakobeit, David"]
[Result "0-1"]
[WhiteElo "2266"]
[BlackElo "2139"]
[PlyCount "66"]
[EventDate "2020.01.02"]
[EventType "swiss"]
[EventRounds "7"]
[EventCountry "GER"]
[SourceTitle "EXT 2021"]
[Source "ChessBase"]
[SourceDate "2020.10.23"]
[SourceVersion "1"]
[SourceVersionDate "2020.10.23"]
[SourceQuality "1"]

1. e4 d6 2. g3 e5 3. Bg2 Nf6 4. Ne2 Be7 5. 0-0 c6 6. d4 Nbd7 7. h3 Qc7 8. Be3 h5 9. Qd2 Nb6 10. Qa5 h4 11. g4 Nxg4 12. hxg4 Bxg4 13. f3 h3 14. fxg4 hxg2 15. Kxg2 Qd7 16. Ng3 Qxg4 17. Qe1 Nc4 18. Bf2 Qh3+ 19. Kf3 Rh4 20. c3 d5 21. Nd2 dxe4+ 22. Ndxe4 f5 23. Ke2 fxe4 24. Kd1 exd4 25. Bxd4 0-0-0 26. Kc2 c5 27. Rh1 Qg2+ 28. Qf2 Qxf2+ 29. Bxf2 Rd2+ 30. Kb3 b5 31. Rab1 Na5+ 32. Ka3 c4+ 33. b4 cxb3+ 0-1

[Event "Oberliga Nord O 1415"]
[Site "Germany"]
[Date "2015.02.22"]
[Round "7.4"]
[White "Jakobeit, David"]
[Black "Trenner, Rolf"]
[Result "1/2-1/2"]
[WhiteElo "2102"]
[BlackElo "2177"]
[PlyCount "114"]
[EventDate "2014.09.21"]
[EventType "team-tourn"]
[EventRounds "9"]
[EventCountry "GER"]
[SourceTitle "EXT 2016"]
[Source "ChessBase"]
[SourceDate "2015.10.08"]
[SourceVersion "1"]
[SourceVersionDate "2015.10.08"]
[SourceQuality "1"]
[WhiteTeam "Berlin SF III"]
[BlackTeam "Potsdam Empor"]
[WhiteTeamCountry "GER"]
[BlackTeamCountry "GER"]

1. d4 Nf6 2. c4 g6 3. g3 c5 4. d5 b5 5. Bg2 d6 6. cxb5 a6 7. b6 Bg7 8. Nc3 0-0 9. a4 a5 10. Nf3 Qxb6 11. 0-0 Na6 12. e4 Nd7 13. Re1 Nb4 14. Bf1 Ne5 15. Nxe5 Bxe5 16. Be3 Ba6 17. Qd2 Rfb8 18. Rab1 Bxf1 19. Rxf1 Na6 20. f4 Bg7 21. e5 dxe5 22. f5 Rd8 23. Qf2 Rac8 24. Rbd1 Qf6 25. g4 gxf5 26. gxf5 Qb6 27. Kh1 Kh8 28. Rg1 Rg8 29. Qh4 Bf6 30. Qh5 Qxb2 31. Ne4 Qc2 32. Qf3 Qxa4 33. Bg5 Bxg5 34. Nxg5 Rxg5 35. Rxg5 Rg8 36. Rxg8+ Kxg8 37. Rg1+ Kf8 38. d6 Nb8 39. Qb7 Qc6+ 40. Qxc6 Nxc6 41. d7 f6 42. Rc1 e6 43. Rxc5 Nd8 44. fxe6 Ke7 45. Rxa5 Kxe6 46. Kg2 Kxd7 47. Ra7+ Ke6 48. Rxh7 Kf5 49. Kg3 Ne6 50. Rh5+ Kg6 51. Rh8 Kg7 52. Ra8 Kg6 53. h4 Nd4 54. Rg8+ Kf7 55. Ra8 Kg6 56. Rg8+ Kf7 57. Ra8 Kg6 1/2-1/2